[Event "Cellavision Cup 2019"]
[Site "Lund"]
[Date "2019.08.03"]
[Round "6.14"]
[White "Johansson, Gunnar"]
[Black "Hansen, Torbjorn Ringdal"]
[Result "0-1"]
[WhiteElo "2252"]
[BlackElo "2432"]
[Annotator "NA"]
[PlyCount "52"]
[EventDate "2019.08.02"]
[EventType "swiss"]
[EventCountry "SWE"]
[SourceTitle "playchess.com"]
[Source "ChessBase"]
[SourceQuality "1"]
[TimeControl "5400+30"]

1. c4 {[%emt 0:00:00]} c5 {[%emt 0:00:45]} 2. Nf3 {[%emt 0:00:00]} Nc6 {[%emt 0:00:53]} 3. g3 {[%emt 0:01:20]} g6 {[%emt 0:00:16]} 4. Bg2 {[%emt 0:01:01]} Bg7 {[%emt 0:00:29]} 5. O-O {[%emt 0:00:28]} d6 {[%emt 0:00:14]} 6. Nc3 {[%emt 0:00:50]} Bf5 {[%emt 0:00:10]} 7. a3 {[%emt 0:11:47]} Qd7 {[%emt 0:01:21]} 8. Re1 {[%emt 0:02:23]} Bh3 {[%emt 0:01:14]} 9. Bh1 {[%emt 0:17:28]} h5 {[%emt 0:01:11]} 10. Ng5 {[%emt 0:06:31]} h4 {[%emt 0:08:12]} 11. Nxh3 {[%emt 0:00:40]} hxg3 {[%emt 0:00:50]} 12. hxg3 {[%emt 0:05:12]} Rxh3 {[%emt 0:01:10]} 13. Bg2 {[%emt 0:00:37]} Nf6 {[%emt 0:00:48]} 14. Nd5 {[%emt 0:17:05]} O-O-O {[%emt 0:07:06]} 15. Bxh3 {[%emt 0:03:11]} Qxh3 {[%emt 0:00:07]} 16. Nf4 {[%emt 0:00:13]} Qf5 {[%emt 0:06:48]} 17. Kg2 {[%emt 0:03:31]} g5 {[%emt 0:02:05]} 18. Nd5 {[%emt 0:08:42]} Rh8 {[%emt 0:08:45]} 19. Rh1 {[%emt 0:01:01]} Rxh1 {[%emt 0:00:12]} 20. Qxh1 {[%emt 0:00:27]} Qe4+ {[%emt 0:00:14]} 21. Kg1 {[%emt 0:03:48]} Qxe2 {[%emt 0:00:15]} 22. Ne3 {[%emt 0:04:55]} Ng4 {[%emt 0:06:09]} 23. Nxg4 {[%emt 0:02:07]} Qxg4 {[%emt 0:00:12]} 24. d3 {[%emt 0:00:55]} Nd4 {[%emt 0:06:31]} 25. Qe4 {[%emt 0:02:01]} Qd1+ {[%emt 0:00:39]} 26. Kg2 {[%emt 0:00:34]} Be5 {[%emt 0:01:05]} 0-1

[Event "Cellavision Cup 2019"]
[Site "Lund"]
[Date "2019.08.03"]
[Round "6.15"]
[White "Jepson, Christian"]
[Black "Berggren Torell, Harald"]
[Result "1-0"]
[WhiteElo "2391"]
[BlackElo "2137"]
[Annotator "NA"]
[PlyCount "153"]
[EventDate "2019.08.02"]
[EventType "swiss"]
[EventCountry "SWE"]
[SourceTitle "playchess.com"]
[Source "ChessBase"]
[SourceQuality "1"]
[TimeControl "5400+30"]

1. e4 {[%emt 0:00:00]} d6 {[%emt 0:00:00]} 2. d4 {[%emt 0:00:00]} Nf6 {[%emt 0:00:00]} 3. Nc3 {[%emt 0:00:00]} g6 {[%emt 0:00:00]} 4. f4 {[%emt 0:00:00]} Bg7 {[%emt 0:00:00]} 5. Nf3 {[%emt 0:00:00]} O-O {[%emt 0:00:07]} 6. Bd3 {[%emt 0:06:28]} Nc6 {[%emt 0:01:50]} 7. e5 {[%emt 0:01:40]} dxe5 {[%emt 0:00:02]} 8. dxe5 {[%emt 0:00:07]} Nd5 {[%emt 0:02:29]} 9. Qe2 {[%emt 0:03:34]} Ncb4 {[%emt 0:21:32]} 10. Nxd5 {[%emt 0:05:57]} Nxd5 {[%emt 0:01:03]} 11. Bd2 {[%emt 0:02:59]} c6 {[%emt 0:06:58]} 12. a3 {[%emt 0:08:42]} Bf5 {[%emt 0:01:29]} 13. Bxf5 {[%emt 0:01:19]} gxf5 {[%emt 0:00:02]} 14. Rd1 {[%emt 0:13:07]} Qc8 {[%emt 0:00:59]} 15. h3 {[%emt 0:06:52]} f6 {[%emt 0:02:55]} 16. O-O {[%emt 0:02:07]} fxe5 {[%emt 0:01:44]} 17. Nxe5 {[%emt 0:04:02]} Qe6 {[%emt 0:00:36]} 18. Rfe1 {[%emt 0:04:44]} Bxe5 {[%emt 0:03:47]} 19. Qf2 {[%emt 0:01:03]} Qg6 {[%emt 0:03:06]} 20. Rxe5 {[%emt 0:00:44]} Nf6 {[%emt 0:00:10]} 21. Rxe7 {[%emt 0:05:56]} Rad8 {[%emt 0:02:55]} 22. Qf3 {[%emt 0:02:02]} Ne4 {[%emt 0:02:23]} 23. Bc3 {[%emt 0:01:59]} Rxd1+ {[%emt 0:00:48]} 24. Qxd1 {[%emt 0:00:05]} Nxc3 {[%emt 0:00:25]} 25. bxc3 {[%emt 0:00:12]} Re8 {[%emt 0:00:11]} 26. Qe2 {[%emt 0:02:08]} Rxe7 {[%emt 0:00:32]} 27. Qxe7 {[%emt 0:00:04]} b5 {[%emt 0:00:31]} 28. Qxa7 {[%emt 0:05:38]} Qd6 {[%emt 0:04:24]} 29. Qd4 {[%emt 0:08:14]} Qxa3 {[%emt 0:01:16]} 30. Qd8+ {[%emt 0:02:11]} Kf7 {[%emt 0:02:35]} 31. Qd7+ {[%emt 0:00:09]} Kg8 {[%emt 0:00:22]} 32. Qe6+ {[%emt 0:01:36]} Kg7 {[%emt 0:00:11]} 33. Qe5+ {[%emt 0:00:13]} Kg6 {[%emt 0:00:27]} 34. Kf2 {[%emt 0:00:54]} Qa7+ {[%emt 0:01:42]} 35. Kf3 {[%emt 0:01:28]} Qd7 {[%emt 0:00:43]} 36. Qd4 {[%emt 0:01:48]} Qe7 {[%emt 0:11:58]} 37. g4 {[%emt 0:00:57]} Qe1 {[%emt 0:01:27]} 38. Qd6+ {[%emt 0:03:49]} Kf7 {[%emt 0:00:32]} 39. Qd7+ {[%emt 0:00:55]} Kg8 {[%emt 0:00:30]} 40. Qc8+ {[%emt 0:00:34]} Kg7 {[%emt 0:00:10]} 41. Qc7+ {[%emt 0:00:54]} Kg8 {[%emt 0:00:17]} 42. Qb8+ {[%emt 0:03:57]} Kf7 {[%emt 0:00:06]} 43. Qa7+ {[%emt 0:00:21]} Kg8 {[%emt 0:01:57]} 44. Qe3 {[%emt 0:00:11]} fxg4+ {[%emt 0:01:58]} 45. hxg4 {[%emt 0:00:02]} Qb1 {[%emt 0:04:27]} 46. Qe8+ {[%emt 0:01:45]} Kg7 {[%emt 0:00:02]} 47. Qe5+ {[%emt 0:00:19]} Kg8 {[%emt 0:01:57]} 48. Qg5+ {[%emt 0:00:02]} Kf7 {[%emt 0:01:12]} 49. Qf5+ {[%emt 0:00:04]} Kg8 {[%emt 0:00:07]} 50. Qg5+ {[%emt 0:00:05]} Kf7 {[%emt 0:00:05]} 51. Qf5+ {[%emt 0:00:05]} Kg8 {[%emt 0:00:06]} 52. Ke2 {[%emt 0:00:09]} Qh1 {[%emt 0:04:50]} 53. g5 {[%emt 0:00:10]} Qg2+ {[%emt 0:03:11]} 54. Kd3 {[%emt 0:00:25]} Qf3+ {[%emt 0:00:43]} 55. Kd2 {[%emt 0:00:43]} c5 {[%emt 0:01:54]} 56. Qe6+ {[%emt 0:00:32]} Kf8 {[%emt 0:01:17]} 57. Qf6+ {[%emt 0:01:31]} Kg8 {[%emt 0:00:05]} 58. Qd8+ {[%emt 0:01:09]} Kf7 {[%emt 0:01:11]} 59. Qf6+ {[%emt 0:00:19]} Kg8 {[%emt 0:00:08]} 60. Kc1 {[%emt 0:00:26]} Qe3+ {[%emt 0:03:11]} 61. Kb2 {[%emt 0:00:23]} b4 {[%emt 0:00:48]} 62. Qd8+ {[%emt 0:00:33]} Kf7 {[%emt 0:00:01]} 63. Qf6+ {[%emt 0:00:03]} Kg8 {[%emt 0:00:07]} 64. cxb4 {[%emt 0:00:21]} cxb4 {[%emt 0:00:44]} 65. Qd8+ {[%emt 0:00:39]} Kg7 {[%emt 0:00:17]} 66. Qf6+ {[%emt 0:00:47]} Kg8 {[%emt 0:00:07]} 67. f5 {[%emt 0:00:17]} Qa3+ {[%emt 0:00:58]} 68. Kb1 {[%emt 0:00:02]} Qa7 {[%emt 0:01:09]} 69. Qe6+ {[%emt 0:01:23]} Kf8 {[%emt 0:00:08]} 70. Qd6+ {[%emt 0:00:42]} Kg8 {[%emt 0:00:09]} 71. Qe6+ {[%emt 0:02:03]} Kf8 {[%emt 0:00:06]} 72. Qh6+ {[%emt 0:00:11]} Ke8 {[%emt 0:00:30]} 73. g6 {[%emt 0:00:16]} Qg1+ {[%emt 0:00:35]} 74. Qc1 {[%emt 0:00:27]} Qa7 {[%emt 0:00:36]} 75. Qe1+ {[%emt 0:00:13]} Kd8 {[%emt 0:00:10]} 76. Qh4+ {[%emt 0:00:45]} Kc8 {[%emt 0:00:10]} 77. Qc4+ {[%emt 0:00:08]} 1-0

[Event "Cellavision Cup 2019"]
[Site "Lund"]
[Date "2019.08.03"]
[Round "6.16"]
[White "Rostgaard, Tobias Valentin"]
[Black "Svensson, Mikael"]
[Result "1/2-1/2"]
[WhiteElo "2390"]
[BlackElo "2147"]
[Annotator "NA"]
[PlyCount "78"]
[EventDate "2019.08.02"]
[EventType "swiss"]
[EventCountry "SWE"]
[SourceTitle "playchess.com"]
[Source "ChessBase"]
[SourceQuality "1"]
[TimeControl "5400+30"]

1. e4 {[%emt 0:01:33]} e6 {[%emt 0:00:00]} 2. d4 {[%emt 0:00:10]} d5 {[%emt 0:00:00]} 3. Nd2 {[%emt 0:00:06]} c5 {[%emt 0:00:00]} 4. Ngf3 {[%emt 0:00:12]} cxd4 {[%emt 0:00:12]} 5. exd5 {[%emt 0:00:09]} Qxd5 {[%emt 0:00:07]} 6. Bc4 {[%emt 0:00:05]} Qd7 {[%emt 0:00:18]} 7. O-O {[%emt 0:00:18]} Nc6 {[%emt 0:00:14]} 8. Nb3 {[%emt 0:00:11]} Nf6 {[%emt 0:00:12]} 9. Nbxd4 {[%emt 0:00:56]} Nxd4 {[%emt 0:00:06]} 10. Nxd4 {[%emt 0:00:05]} a6 {[%emt 0:00:08]} 11. Re1 {[%emt 0:00:18]} Bc5 {[%emt 0:00:45]} 12. Be3 {[%emt 0:08:01]} Qc7 {[%emt 0:01:38]} 13. Be2 {[%emt 0:10:31]} e5 {[%emt 0:03:36]} 14. Bf1 {[%emt 0:12:59]} O-O {[%emt 0:03:50]} 15. Nb3 {[%emt 0:00:22]} Bg4 {[%emt 0:12:32]} 16. Qc1 {[%emt 0:04:16]} Bd6 {[%emt 0:04:54]} 17. Bg5 {[%emt 0:01:16]} Bf5 {[%emt 0:05:44]} 18. Bxf6 {[%emt 0:00:25]} gxf6 {[%emt 0:00:07]} 19. c3 {[%emt 0:00:38]} Rfd8 {[%emt 0:04:12]} 20. Qh6 {[%emt 0:01:51]} Bg6 {[%emt 0:01:03]} 21. Nd2 {[%emt 0:04:10]} Bf8 {[%emt 0:01:22]} 22. Qe3 {[%emt 0:00:06]} Bc5 {[%emt 0:01:01]} 23. Qe2 {[%emt 0:00:06]} Qb6 {[%emt 0:04:23]} 24. Nc4 {[%emt 0:00:13]} Qe6 {[%emt 0:00:19]} 25. Rad1 {[%emt 0:00:32]} b5 {[%emt 0:01:42]} 26. b4 {[%emt 0:06:26]} Qxc4 {[%emt 0:13:37]} 27. Qxc4 {[%emt 0:00:37]} bxc4 {[%emt 0:00:19]} 28. bxc5 {[%emt 0:00:06]} Bd3 {[%emt 0:00:58]} 29. Bxd3 {[%emt 0:00:57]} Rxd3 {[%emt 0:03:53]} 30. Rxd3 {[%emt 0:00:23]} cxd3 {[%emt 0:00:05]} 31. f3 {[%emt 0:00:09]} Rc8 {[%emt 0:01:19]} 32. Rd1 {[%emt 0:00:11]} Rxc5 {[%emt 0:00:36]} 33. Rxd3 {[%emt 0:00:05]} Rb5 {[%emt 0:10:33]} 34. Rd2 {[%emt 0:01:04]} Rb1+ {[%emt 0:00:17]} 35. Kf2 {[%emt 0:00:23]} Rc1 {[%emt 0:00:06]} 36. Rd6 {[%emt 0:03:28]} Rc2+ {[%emt 0:01:16]} 37. Kg3 {[%emt 0:00:32]} Rxa2 {[%emt 0:00:45]} 38. Rxf6 {[%emt 0:00:14]} Kg7 {[%emt 0:01:11]} 39. Rb6 {[%emt 0:00:21]} Rc2 {[%emt 0:02:14]} 1/2-1/2

[Event "Cellavision Cup 2019"]
[Site "Lund"]
[Date "2019.08.04"]
[Round "7.2"]
[White "Kryakvin, Dmitry"]
[Black "Hector, Jonny"]
[Result "1-0"]
[WhiteElo "2586"]
[BlackElo "2487"]
[Annotator "ChessBase"]
[PlyCount "103"]
[EventDate "2019.08.02"]
[EventType "swiss"]
[EventCountry "SWE"]
[SourceTitle "playchess.com"]
[Source "ChessBase"]
[SourceQuality "1"]
[TimeControl "900+5"]

1. Nf3 {[%emt 0:00:00]} d5 {[%emt 0:00:00]} 2. e3 {[%emt 0:00:00]} Nf6 {[%emt 0:00:00]} 3. c4 {[%emt 0:00:00]} c6 {[%emt 0:00:00]} 4. Qc2 {[%emt 0:00:00]} e6 {[%emt 0:00:00]} 5. b3 {[%emt 0:00:00]} Bd6 {[%emt 0:00:00]} 6. Bb2 {[%emt 0:00:00]} O-O {[%emt 0:00:00]} 7. d4 {[%emt 0:00:00]} Ne4 {[%emt 0:00:00]} 8. Be2 {[%emt 0:00:00]} b6 {[%emt 0:00:00]} 9. O-O {[%emt 0:00:00]} Bb7 {[%emt 0:00:00]} 10. Nbd2 {[%emt 0:00:00]} f5 {[%emt 0:00:00]} 11. Ne5 {[%emt 0:00:00]} c5 {[%emt 0:00:00]} 12. Rad1 {[%emt 0:00:00]} cxd4 {[%emt 0:00:00]} 13. Bxd4 {[%emt 0:00:00]} Nd7 {[%emt 0:00:00]} 14. Nxd7 {[%emt 0:00:00]} Qxd7 {[%emt 0:00:00]} 15. Nf3 {[%emt 0:00:00]} Qc7 {[%emt 0:00:00]} 16. Qb2 {[%emt 0:00:00]} f4 {[%emt 0:00:00]} 17. Ne5 {[%emt 0:00:00]} Rf5 {[%emt 0:00:00]} 18. exf4 {[%emt 0:00:00]} Rxf4 {[%emt 0:00:00]} 19. g3 {[%emt 0:00:00]} Rf5 {[%emt 0:00:00]} 20. f4 {[%emt 0:00:00]} Raf8 {[%emt 0:00:00]} 21. Bg4 {[%emt 0:00:00]} R5f6 {[%emt 0:00:00]} 22. cxd5 {[%emt 0:00:00]} Bxd5 {[%emt 0:00:00]} 23. Bf3 {[%emt 0:00:00]} Nc5 {[%emt 0:00:00]} 24. Nc4 {[%emt 0:00:00]} Bxc4 {[%emt 0:00:00]} 25. bxc4 {[%emt 0:00:00]} Rg6 {[%emt 0:00:00]} 26. Kh1 {[%emt 0:00:00]} Be7 {[%emt 0:00:00]} 27. Qe2 {[%emt 0:00:00]} Kh8 {[%emt 0:00:00]} 28. Be5 {[%emt 0:00:00]} Qc8 {[%emt 0:00:00]} 29. Rfe1 {[%emt 0:00:00]} Nd7 {[%emt 0:00:00]} 30. Bc3 {[%emt 0:00:00]} Bf6 {[%emt 0:00:21]} 31. Bb4 {[%emt 0:00:00]} Nc5 {[%emt 0:00:18]} 32. Rd6 {[%emt 0:00:00]} e5 {[%emt 0:03:30]} 33. Bh5 {[%emt 0:00:00]} Be7 {[%emt 0:02:35]} 34. Rd5 {[%emt 0:00:00]} Rgf6 {[%emt 0:02:34]} 35. Rxe5 {[%emt 0:00:00]} Bd6 {[%emt 0:00:00]} 36. Re3 {[%emt 0:00:00]} Ne4 {[%emt 0:01:16]} 37. c5 {[%emt 0:01:11]} Nxc5 {[%emt 0:01:49]} 38. Bc3 {[%emt 0:00:00]} Rf5 {[%emt 0:00:17]} 39. Bg4 {[%emt 0:00:17]} Qb7+ {[%emt 0:00:00]} 40. Qg2 {[%emt 0:00:18]} Qxg2+ {[%emt 0:00:00]} 41. Kxg2 {[%emt 0:00:00]} R5f7 {[%emt 0:00:01]} 42. Rd1 {[%emt 0:00:00]} Nb7 {[%emt 0:01:04]} 43. Bf3 {[%emt 0:01:24]} Bc5 {[%emt 0:00:00]} 44. Red3 {[%emt 0:00:00]} Na5 {[%emt 0:01:17]} 45. Bh5 {[%emt 0:01:45]} Rf5 {[%emt 0:02:31]} 46. Rd7 {[%emt 0:01:50]} Rg8 {[%emt 0:00:08]} 47. Bf7 {[%emt 0:00:06]} Rf8 {[%emt 0:00:22]} 48. Be6 {[%emt 0:00:00]} R5f6 {[%emt 0:00:00]} 49. Bxf6 {[%emt 0:00:00]} Rxf6 {[%emt 0:00:00]} 50. Rxa7 {[%emt 0:00:08]} h5 {[%emt 0:00:00]} 51. Bf7 {[%emt 0:01:17]} h4 {[%emt 0:00:00]} 52. Rd5 {[%emt 0:00:00]} 1-0

[Event "Cellavision Cup 2019"]
[Site "Lund"]
[Date "2019.08.04"]
[Round "7.3"]
[White "Kulaots, Kaido"]
[Black "Popilski, Gil"]
[Result "1/2-1/2"]
[WhiteElo "2560"]
[BlackElo "2467"]
[Annotator "ChessBase"]
[PlyCount "111"]
[EventDate "2019.08.02"]
[EventType "swiss"]
[EventCountry "SWE"]
[SourceTitle "playchess.com"]
[Source "ChessBase"]
[SourceQuality "1"]
[TimeControl "900+5"]

1. e4 {[%emt 0:00:00]} c5 {[%emt 0:00:00]} 2. Nf3 {[%emt 0:00:00]} d6 {[%emt 0:00:00]} 3. d4 {[%emt 0:00:00]} cxd4 {[%emt 0:00:00]} 4. Nxd4 {[%emt 0:00:00]} Nf6 {[%emt 0:00:00]} 5. Nc3 {[%emt 0:00:00]} a6 {[%emt 0:00:00]} 6. h3 {[%emt 0:00:00]} e6 {[%emt 0:00:00]} 7. g4 {[%emt 0:00:00]} Nfd7 {[%emt 0:00:00]} 8. Bg2 {[%emt 0:00:00]} Be7 {[%emt 0:00:00]} 9. Be3 {[%emt 0:00:00]} Nc6 {[%emt 0:00:00]} 10. h4 {[%emt 0:00:00]} Nde5 {[%emt 0:00:00]} 11. g5 {[%emt 0:00:00]} O-O {[%emt 0:00:00]} 12. Qe2 {[%emt 0:00:00]} b5 {[%emt 0:00:00]} 13. f4 {[%emt 0:00:00]} Nxd4 {[%emt 0:00:00]} 14. Bxd4 {[%emt 0:00:00]} Nc6 {[%emt 0:00:00]} 15. Be3 {[%emt 0:00:00]} Bb7 {[%emt 0:00:00]} 16. O-O {[%emt 0:00:00]} b4 {[%emt 0:00:00]} 17. Na4 {[%emt 0:00:00]} Re8 {[%emt 0:00:00]} 18. Rad1 {[%emt 0:00:00]} Qc7 {[%emt 0:00:00]} 19. Bb6 {[%emt 0:00:00]} Qc8 {[%emt 0:00:00]} 20. Be3 {[%emt 0:00:00]} Qc7 {[%emt 0:00:00]} 21. h5 {[%emt 0:00:00]} Rac8 {[%emt 0:00:00]} 22. Bb6 {[%emt 0:00:00]} Qb8 {[%emt 0:00:00]} 23. g6 {[%emt 0:00:00]} Nd8 {[%emt 0:00:00]} 24. Bd4 {[%emt 0:00:00]} Bc6 {[%emt 0:00:00]} 25. Nb6 {[%emt 0:00:00]} Rc7 {[%emt 0:00:00]} 26. Qxa6 {[%emt 0:00:00]} fxg6 {[%emt 0:00:00]} 27. hxg6 {[%emt 0:00:00]} hxg6 {[%emt 0:00:00]} 28. Qe2 {[%emt 0:00:00]} Bf6 {[%emt 0:00:00]} 29. e5 {[%emt 0:00:00]} Bxg2 {[%emt 0:01:01]} 30. Qxg2 {[%emt 0:00:00]} dxe5 {[%emt 0:00:00]} 31. fxe5 {[%emt 0:00:00]} Bxe5 {[%emt 0:04:59]} 32. Bxe5 {[%emt 0:00:00]} Qxb6+ {[%emt 0:00:00]} 33. Kh2 {[%emt 0:00:00]} Rf7 {[%emt 0:01:48]} 34. Qxg6 {[%emt 0:01:40]} Qe3 {[%emt 0:00:00]} 35. Rde1 {[%emt 0:07:15]} Rf2+ {[%emt 0:04:47]} 36. Rxf2 {[%emt 0:00:16]} Qxf2+ {[%emt 0:00:00]} 37. Kh3 {[%emt 0:00:00]} Qf5+ {[%emt 0:02:21]} 38. Qxf5 {[%emt 0:00:42]} exf5 {[%emt 0:00:00]} 39. Bc3 {[%emt 0:00:00]} Rxe1 {[%emt 0:00:00]} 40. Bxe1 {[%emt 0:00:00]} Nc6 {[%emt 0:00:00]} 41. c3 {[%emt 0:00:00]} bxc3 {[%emt 0:00:00]} 42. Bxc3 {[%emt 0:00:00]} g5 {[%emt 0:00:00]} 43. a4 {[%emt 0:02:49]} Kf7 {[%emt 0:00:00]} 44. a5 {[%emt 0:00:00]} Ke6 {[%emt 0:00:00]} 45. a6 {[%emt 0:00:00]} Kd5 {[%emt 0:00:50]} 46. Be1 {[%emt 0:01:12]} Na7 {[%emt 0:00:00]} 47. Bf2 {[%emt 0:00:47]} Nb5 {[%emt 0:00:00]} 48. a7 {[%emt 0:02:52]} Nc7 {[%emt 0:00:00]} 49. Bb6 {[%emt 0:00:00]} Na8 {[%emt 0:00:00]} 50. Bd8 {[%emt 0:00:00]} g4+ {[%emt 0:00:00]} 51. Kg3 {[%emt 0:00:00]} Kc6 {[%emt 0:00:00]} 52. Bg5 {[%emt 0:00:00]} Kb7 {[%emt 0:00:00]} 53. Kf4 {[%emt 0:00:00]} Kxa7 {[%emt 0:00:00]} 54. Kxf5 {[%emt 0:00:00]} g3 {[%emt 0:00:00]} 55. Kg4 {[%emt 0:00:00]} g2 {[%emt 0:00:00]} 56. Be3+ {[%emt 0:00:00]} 1/2-1/2

[Event "Cellavision Cup 2019"]
[Site "Lund"]
[Date "2019.08.04"]
[Round "7.4"]
[White "Blomqvist, Erik"]
[Black "Malmstig, Erik"]
[Result "0-1"]
[WhiteElo "2492"]
[BlackElo "2335"]
[Annotator "ChessBase"]
[PlyCount "94"]
[EventDate "2019.08.02"]
[EventType "swiss"]
[EventCountry "SWE"]
[SourceTitle "playchess.com"]
[Source "ChessBase"]
[SourceQuality "1"]
[TimeControl "900+5"]

1. e4 {[%emt 0:00:00]} c5 {[%emt 0:00:00]} 2. Nf3 {[%emt 0:00:00]} e6 {[%emt 0:00:00]} 3. c3 {[%emt 0:00:00]} a6 {[%emt 0:00:00]} 4. d4 {[%emt 0:00:00]} Qc7 {[%emt 0:00:00]} 5. Bd3 {[%emt 0:00:00]} d6 {[%emt 0:00:00]} 6. O-O {[%emt 0:00:00]} Nd7 {[%emt 0:00:00]} 7. Qe2 {[%emt 0:00:00]} Ne7 {[%emt 0:00:00]} 8. Rd1 {[%emt 0:00:00]} Ng6 {[%emt 0:00:00]} 9. a4 {[%emt 0:00:00]} Be7 {[%emt 0:00:00]} 10. Na3 {[%emt 0:00:00]} b6 {[%emt 0:00:00]} 11. Be3 {[%emt 0:00:00]} Bb7 {[%emt 0:00:00]} 12. b4 {[%emt 0:00:00]} O-O {[%emt 0:00:00]} 13. Rab1 {[%emt 0:00:00]} Nf6 {[%emt 0:00:00]} 14. Nd2 {[%emt 0:00:00]} Bc6 {[%emt 0:00:00]} 15. Bc2 {[%emt 0:00:00]} cxb4 {[%emt 0:00:00]} 16. cxb4 {[%emt 0:00:00]} b5 {[%emt 0:00:00]} 17. Rdc1 {[%emt 0:00:00]} Qd7 {[%emt 0:00:00]} 18. f3 bxa4 {[%emt 0:00:00]} 19. Ndc4 {[%emt 0:00:00]} Rfb8 {[%emt 0:00:00]} 20. Na5 {[%emt 0:00:00]} Bb5 {[%emt 0:00:00]} 21. Bd3 {[%emt 0:00:00]} Bxd3 {[%emt 0:00:00]} 22. Qxd3 {[%emt 0:00:00]} d5 {[%emt 0:00:00]} 23. e5 {[%emt 0:00:00]} Ne8 {[%emt 0:00:00]} 24. Bd2 {[%emt 0:00:00]} Rb6 {[%emt 0:00:00]} 25. Nc2 {[%emt 0:00:00]} Rc8 {[%emt 0:00:00]} 26. Ra1 {[%emt 0:04:27]} f6 {[%emt 0:00:00]} 27. f4 {[%emt 0:00:56]} Qb5 {[%emt 0:00:00]} 28. Qe3 {[%emt 0:02:17]} Nh4 {[%emt 0:00:00]} 29. Qf2 {[%emt 0:03:38]} Nf5 {[%emt 0:00:00]} 30. g4 {[%emt 0:00:02]} Nh6 {[%emt 0:00:00]} 31. h3 {[%emt 0:00:16]} Qd3 {[%emt 0:01:39]} 32. Ra3 {[%emt 0:04:19]} Qg6 {[%emt 0:00:22]} 33. Rc3 {[%emt 0:01:08]} Rxc3 {[%emt 0:02:13]} 34. Bxc3 {[%emt 0:00:00]} Qd3 {[%emt 0:01:35]} 35. Qe3 {[%emt 0:00:00]} Qxe3+ {[%emt 0:03:09]} 36. Nxe3 {[%emt 0:00:00]} Bxb4 {[%emt 0:00:00]} 37. Bxb4 {[%emt 0:00:00]} Rxb4 {[%emt 0:00:00]} 38. f5 {[%emt 0:00:13]} a3 {[%emt 0:03:36]} 39. Ra1 {[%emt 0:00:00]} exf5 {[%emt 0:01:22]} 40. e6 {[%emt 0:00:26]} Rxd4 {[%emt 0:01:06]} 41. Rxa3 {[%emt 0:00:06]} fxg4 {[%emt 0:00:21]} 42. Nc6 {[%emt 0:00:00]} Re4 {[%emt 0:00:21]} 43. Nd8 {[%emt 0:00:00]} Nc7 {[%emt 0:00:18]} 44. Nxd5 {[%emt 0:00:20]} Nxd5 {[%emt 0:00:36]} 45. Rxa6 {[%emt 0:00:00]} Nc7 {[%emt 0:00:00]} 46. Rc6 {[%emt 0:00:00]} Nxe6 {[%emt 0:00:00]} 47. Nxe6 {[%emt 0:00:00]} Kf7 {[%emt 0:00:00]} 0-1

[Event "Cellavision Cup 2019"]
[Site "Lund"]
[Date "2019.08.04"]
[Round "7.5"]
[White "Lindberg, Bengt"]
[Black "Olund, Joar"]
[Result "1/2-1/2"]
[WhiteElo "2384"]
[BlackElo "2313"]
[Annotator "NA"]
[PlyCount "76"]
[EventDate "2019.08.02"]
[EventType "swiss"]
[EventCountry "SWE"]
[SourceTitle "playchess.com"]
[Source "ChessBase"]
[SourceQuality "1"]
[TimeControl "900+5"]

1. e4 {[%emt 0:00:00]} g6 {[%emt 0:00:00]} 2. d4 {[%emt 0:00:00]} Bg7 {[%emt 0:00:00]} 3. Nc3 {[%emt 0:00:00]} d6 {[%emt 0:00:00]} 4. f4 {[%emt 0:00:00]} a6 {[%emt 0:00:00]} 5. Nf3 {[%emt 0:00:00]} b5 {[%emt 0:00:00]} 6. Bd3 {[%emt 0:00:00]} Nd7 {[%emt 0:00:00]} 7. e5 {[%emt 0:00:00]} Nh6 {[%emt 0:00:00]} 8. Ne4 {[%emt 0:00:00]} c5 {[%emt 0:00:00]} 9. c3 {[%emt 0:00:00]} cxd4 {[%emt 0:00:00]} 10. cxd4 {[%emt 0:00:00]} Nb6 {[%emt 0:00:00]} 11. h3 {[%emt 0:00:00]} f6 {[%emt 0:00:00]} 12. exf6 {[%emt 0:00:00]} exf6 {[%emt 0:00:00]} 13. O-O {[%emt 0:00:00]} O-O {[%emt 0:00:00]} 14. Ng3 {[%emt 0:00:00]} f5 {[%emt 0:00:00]} 15. Bc2 {[%emt 0:00:00]} Nf7 {[%emt 0:00:00]} 16. Bb3 {[%emt 0:00:00]} Nc4 {[%emt 0:00:00]} 17. Qd3 {[%emt 0:00:00]} Bb7 {[%emt 0:00:00]} 18. Bxc4 {[%emt 0:00:00]} bxc4 {[%emt 0:00:00]} 19. Qxc4 {[%emt 0:00:00]} Qb6 {[%emt 0:00:00]} 20. Kh2 {[%emt 0:00:00]} Rac8 {[%emt 0:00:00]} 21. Qd3 {[%emt 0:00:00]} Rfe8 {[%emt 0:00:00]} 22. Qd1 {[%emt 0:00:00]} Bxf3 {[%emt 0:00:00]} 23. Rxf3 {[%emt 0:00:00]} Qxd4 {[%emt 0:00:00]} 24. Rd3 {[%emt 0:00:00]} Qc4 {[%emt 0:00:00]} 25. Rb3 {[%emt 0:02:18]} Qc2 {[%emt 0:00:00]} 26. Qf1 {[%emt 0:00:00]} d5 {[%emt 0:00:59]} 27. Be3 {[%emt 0:01:07]} Qc4 {[%emt 0:03:06]} 28. Qd1 {[%emt 0:01:51]} Bxb2 {[%emt 0:02:33]} 29. Rb1 {[%emt 0:02:59]} d4 {[%emt 0:00:00]} 30. R1xb2 {[%emt 0:01:28]} dxe3 {[%emt 0:00:00]} 31. Qf3 {[%emt 0:00:42]} Qc6 {[%emt 0:07:20]} 32. Rxe3 {[%emt 0:00:00]} Rxe3 {[%emt 0:00:20]} 33. Qxe3 {[%emt 0:00:00]} Qc3 {[%emt 0:00:00]} 34. Qb6 {[%emt 0:01:17]} Qc6 {[%emt 0:00:29]} 35. Qa5 {[%emt 0:00:21]} Qd6 {[%emt 0:01:09]} 36. Qa4 {[%emt 0:00:13]} Qc6 {[%emt 0:00:00]} 37. Qa5 {[%emt 0:00:00]} Qd6 {[%emt 0:00:00]} 38. Qa4 {[%emt 0:00:00]} Qc6 {[%emt 0:00:00]} 1/2-1/2

[Event "Cellavision Cup 2019"]
[Site "Lund"]
[Date "2019.08.04"]
[Round "7.6"]
[White "Bellon Lopez, Juan Manuel"]
[Black "Marin, Mihail"]
[Result "0-1"]
[WhiteElo "2335"]
[BlackElo "2525"]
[Annotator "ChessBase"]
[PlyCount "57"]
[EventDate "2019.08.02"]
[EventType "swiss"]
[EventCountry "SWE"]
[SourceTitle "playchess.com"]
[Source "ChessBase"]
[SourceQuality "1"]
[TimeControl "900+5"]

1. d4 {[%emt 0:00:00]} f5 {[%emt 0:00:00]} 2. Nc3 {[%emt 0:00:00]} Nf6 {[%emt 0:00:00]} 3. g4 {[%emt 0:00:00]} d5 {[%emt 0:00:00]} 4. Bg2 {[%emt 0:00:00]} fxg4 {[%emt 0:00:00]} 5. Bg5 {[%emt 0:00:00]} c6 {[%emt 0:00:00]} 6. h3 {[%emt 0:00:00]} Na6 {[%emt 0:00:00]} 7. hxg4 {[%emt 0:00:00]} Bxg4 {[%emt 0:00:00]} 8. Bh3 {[%emt 0:00:00]} Qd7 {[%emt 0:00:00]} 9. Qd3 {[%emt 0:00:00]} Nb4 {[%emt 0:00:00]} 10. Qd2 {[%emt 0:00:00]} Qf5 {[%emt 0:00:00]} 11. O-O-O {[%emt 0:00:00]} O-O-O {[%emt 0:00:00]} 12. a3 {[%emt 0:00:00]} Na6 {[%emt 0:00:00]} 13. Bxf6 {[%emt 0:00:00]} exf6 {[%emt 0:00:00]} 14. Qd3 {[%emt 0:00:00]} Bxh3 {[%emt 0:00:00]} 15. Nxh3 {[%emt 0:00:00]} Qxd3 {[%emt 0:00:00]} 16. cxd3 {[%emt 0:00:00]} g6 {[%emt 0:00:00]} 17. f4 {[%emt 0:00:00]} Nc7 {[%emt 0:00:00]} 18. Nf2 {[%emt 0:00:00]} h5 {[%emt 0:00:00]} 19. Rdg1 {[%emt 0:00:00]} g5 {[%emt 0:00:00]} 20. e3 {[%emt 0:00:00]} gxf4 {[%emt 0:00:00]} 21. exf4 {[%emt 0:00:00]} Ne6 {[%emt 0:00:00]} 22. Rg6 {[%emt 0:00:00]} Rh6 {[%emt 0:00:00]} 23. Rxh6 {[%emt 0:00:00]} Bxh6 {[%emt 0:00:00]} 24. Rxh5 {[%emt 0:00:00]} Bxf4+ {[%emt 0:00:00]} 25. Kd1 {[%emt 0:00:00]} Nxd4 {[%emt 0:00:00]} 26. Ne2 {[%emt 0:00:00]} Be5 {[%emt 0:00:00]} 27. Ng4 {[%emt 0:00:00]} Nxe2 {[%emt 0:00:00]} 28. Nxe5 {[%emt 0:00:00]} Nf4 29. Nf7 0-1